<?xml version="1.0" encoding="UTF-8"?>
<record
    xmlns:xsi="http://www.w3.org/2001/XMLSchema-instance"
    xsi:schemaLocation="http://www.loc.gov/MARC21/slim http://www.loc.gov/standards/marcxml/schema/MARC21slim.xsd"
    xmlns="http://www.loc.gov/MARC21/slim">

  <leader>01519cam a2200433 a 4500</leader>
  <controlfield tag="001">15456628</controlfield>
  <controlfield tag="003">EG-ScBUE</controlfield>
  <controlfield tag="005">20220626114717.0</controlfield>
  <controlfield tag="006">m||||fq||h  00| 0 </controlfield>
  <controlfield tag="008">080918s2008    enk    f      001 0 eng d</controlfield>
  <datafield tag="020" ind1=" " ind2=" ">
    <subfield code="a">9780199534333 (Kit)</subfield>
  </datafield>
  <datafield tag="020" ind1=" " ind2=" ">
    <subfield code="a">9780198609933 (Coursebook)</subfield>
  </datafield>
  <datafield tag="020" ind1=" " ind2=" ">
    <subfield code="a">9780198609704 (Travel dictionary and phrasebook)</subfield>
  </datafield>
  <datafield tag="040" ind1=" " ind2=" ">
    <subfield code="a">DLC</subfield>
    <subfield code="b">eng</subfield>
    <subfield code="e">rda</subfield>
    <subfield code="c">DLC</subfield>
    <subfield code="d">DLC</subfield>
    <subfield code="d">EG-ScBUE</subfield>
  </datafield>
  <datafield tag="041" ind1="0" ind2=" ">
    <subfield code="a">eng</subfield>
    <subfield code="a">fre</subfield>
  </datafield>
  <datafield tag="082" ind1="0" ind2="4">
    <subfield code="a">448.3421</subfield>
    <subfield code="b">BOU</subfield>
    <subfield code="2">22</subfield>
  </datafield>
  <datafield tag="100" ind1="1" ind2=" ">
    <subfield code="a">Bougard, Marie-Th&#xE9;r&#xE8;se,</subfield>
    <subfield code="e">author.</subfield>
  </datafield>
  <datafield tag="245" ind1="1" ind2="0">
    <subfield code="a">Oxford take off in French /</subfield>
    <subfield code="c">Marie-Th&#xE9;r&#xE8;se Bougard.</subfield>
  </datafield>
  <datafield tag="246" ind1="3" ind2="0">
    <subfield code="a">Take off in French</subfield>
  </datafield>
  <datafield tag="250" ind1=" " ind2=" ">
    <subfield code="a">Third edition.</subfield>
  </datafield>
  <datafield tag="264" ind1=" " ind2="1">
    <subfield code="a">Oxford :</subfield>
    <subfield code="b">Oxford University Press,</subfield>
    <subfield code="c">2008.</subfield>
  </datafield>
  <datafield tag="300" ind1=" " ind2=" ">
    <subfield code="a">2 volumes ;</subfield>
    <subfield code="c">20 cm. +</subfield>
    <subfield code="e">5 sound discs</subfield>
  </datafield>
  <datafield tag="336" ind1=" " ind2=" ">
    <subfield code="2">rdacontent</subfield>
    <subfield code="a">text</subfield>
    <subfield code="b">txt</subfield>
  </datafield>
  <datafield tag="336" ind1=" " ind2=" ">
    <subfield code="2">rdacontent</subfield>
    <subfield code="a">sounds</subfield>
    <subfield code="b">snd</subfield>
  </datafield>
  <datafield tag="337" ind1=" " ind2=" ">
    <subfield code="2">rdamedia</subfield>
    <subfield code="a">unmediated</subfield>
    <subfield code="b">n</subfield>
  </datafield>
  <datafield tag="337" ind1=" " ind2=" ">
    <subfield code="2">rdamedia</subfield>
    <subfield code="a">audio</subfield>
    <subfield code="b">s</subfield>
  </datafield>
  <datafield tag="338" ind1=" " ind2=" ">
    <subfield code="2">rdacarrier</subfield>
    <subfield code="a">volume</subfield>
    <subfield code="b">nc</subfield>
  </datafield>
  <datafield tag="338" ind1=" " ind2=" ">
    <subfield code="2">rdacarrier</subfield>
    <subfield code="a">computer disc</subfield>
    <subfield code="b">cd</subfield>
  </datafield>
  <datafield tag="500" ind1=" " ind2=" ">
    <subfield code="a">Includes index.</subfield>
  </datafield>
  <datafield tag="505" ind1="0" ind2=" ">
    <subfield code="a">Volume 1. The complete language-learning kit -- Volume 2. Travel dictionary and phrasebook.</subfield>
  </datafield>
  <datafield tag="546" ind1=" " ind2=" ">
    <subfield code="a">Text in English and French.</subfield>
  </datafield>
  <datafield tag="650" ind1=" " ind2="7">
    <subfield code="a">French language</subfield>
    <subfield code="v">Textbooks for foreign speakers</subfield>
    <subfield code="x">English.</subfield>
    <subfield code="2">BUEsh</subfield>
  </datafield>
  <datafield tag="650" ind1=" " ind2="7">
    <subfield code="a">French language</subfield>
    <subfield code="v">Conversation and phrase books</subfield>
    <subfield code="x">English.</subfield>
    <subfield code="2">BUEsh</subfield>
  </datafield>
  <datafield tag="650" ind1=" " ind2="7">
    <subfield code="a">French language</subfield>
    <subfield code="x">Self-instruction.</subfield>
    <subfield code="2">BUEsh</subfield>
  </datafield>
  <datafield tag="651" ind1=" " ind2=" ">
    <subfield code="2">BUEsh</subfield>
  </datafield>
  <datafield tag="653" ind1=" " ind2=" ">
    <subfield code="b">HHUUEENN</subfield>
    <subfield code="c">July2017</subfield>
  </datafield>
  <datafield tag="655" ind1=" " ind2=" ">
    <subfield code="v">Reading book</subfield>
    <subfield code="9">34232</subfield>
  </datafield>
  <datafield tag="942" ind1=" " ind2=" ">
    <subfield code="2">ddc</subfield>
    <subfield code="c">BB</subfield>
  </datafield>
  <datafield tag="999" ind1=" " ind2=" ">
    <subfield code="c">25011</subfield>
    <subfield code="d">24983</subfield>
  </datafield>
  <datafield tag="952" ind1=" " ind2=" ">
    <subfield code="0">0</subfield>
    <subfield code="1">0</subfield>
    <subfield code="2">ddc</subfield>
    <subfield code="4">0</subfield>
    <subfield code="7">0</subfield>
    <subfield code="8">Academic</subfield>
    <subfield code="a">MAIN</subfield>
    <subfield code="b">MAIN</subfield>
    <subfield code="c">2ND</subfield>
    <subfield code="d">2017-07-10</subfield>
    <subfield code="e">Purchase</subfield>
    <subfield code="g">216.00</subfield>
    <subfield code="h">1842</subfield>
    <subfield code="l">4</subfield>
    <subfield code="m">61</subfield>
    <subfield code="o">448.3421 BOU</subfield>
    <subfield code="p">000041990</subfield>
    <subfield code="r">2025-07-15 00:00:00</subfield>
    <subfield code="s">2022-07-17</subfield>
    <subfield code="v">432.50</subfield>
    <subfield code="w">2017-07-10</subfield>
    <subfield code="y">BB</subfield>
  </datafield>
  <datafield tag="952" ind1=" " ind2=" ">
    <subfield code="0">0</subfield>
    <subfield code="1">0</subfield>
    <subfield code="2">ddc</subfield>
    <subfield code="4">0</subfield>
    <subfield code="7">0</subfield>
    <subfield code="8">Academic</subfield>
    <subfield code="a">MAIN</subfield>
    <subfield code="b">MAIN</subfield>
    <subfield code="c">2ND</subfield>
    <subfield code="d">2017-07-10</subfield>
    <subfield code="e">Purchase</subfield>
    <subfield code="g">216.00</subfield>
    <subfield code="h">1842</subfield>
    <subfield code="l">3</subfield>
    <subfield code="m">53</subfield>
    <subfield code="o">448.3421 BOU</subfield>
    <subfield code="p">000041991</subfield>
    <subfield code="r">2025-07-15 00:00:00</subfield>
    <subfield code="s">2022-07-17</subfield>
    <subfield code="v">432.50</subfield>
    <subfield code="y">BB</subfield>
    <subfield code="z">(Travel dictionary and phrasebook)</subfield>
  </datafield>
  <datafield tag="952" ind1=" " ind2=" ">
    <subfield code="0">0</subfield>
    <subfield code="1">0</subfield>
    <subfield code="2">ddc</subfield>
    <subfield code="4">0</subfield>
    <subfield code="7">0</subfield>
    <subfield code="8">Academic</subfield>
    <subfield code="a">MAIN</subfield>
    <subfield code="b">MAIN</subfield>
    <subfield code="c">2ND</subfield>
    <subfield code="d">2017-07-10</subfield>
    <subfield code="e">Purchase</subfield>
    <subfield code="g">216.00</subfield>
    <subfield code="h">1842</subfield>
    <subfield code="l">0</subfield>
    <subfield code="o">448.3421 BOU</subfield>
    <subfield code="p">000041992</subfield>
    <subfield code="r">2022-08-24 00:00:00</subfield>
    <subfield code="v">432.50</subfield>
    <subfield code="w">2017-07-10</subfield>
    <subfield code="y">CDVDWBB</subfield>
    <subfield code="z">CD 1</subfield>
  </datafield>
  <datafield tag="952" ind1=" " ind2=" ">
    <subfield code="0">0</subfield>
    <subfield code="1">0</subfield>
    <subfield code="2">ddc</subfield>
    <subfield code="4">0</subfield>
    <subfield code="7">0</subfield>
    <subfield code="8">Academic</subfield>
    <subfield code="a">MAIN</subfield>
    <subfield code="b">MAIN</subfield>
    <subfield code="c">2ND</subfield>
    <subfield code="d">2017-07-10</subfield>
    <subfield code="e">Purchase</subfield>
    <subfield code="g">216.00</subfield>
    <subfield code="h">1842</subfield>
    <subfield code="l">0</subfield>
    <subfield code="o">448.3421 BOU</subfield>
    <subfield code="p">000041993</subfield>
    <subfield code="r">2022-08-24 00:00:00</subfield>
    <subfield code="v">432.50</subfield>
    <subfield code="w">2017-07-10</subfield>
    <subfield code="y">CDVDWBB</subfield>
    <subfield code="z">CD 2</subfield>
  </datafield>
  <datafield tag="952" ind1=" " ind2=" ">
    <subfield code="0">0</subfield>
    <subfield code="1">0</subfield>
    <subfield code="2">ddc</subfield>
    <subfield code="4">0</subfield>
    <subfield code="7">0</subfield>
    <subfield code="8">Academic</subfield>
    <subfield code="a">MAIN</subfield>
    <subfield code="b">MAIN</subfield>
    <subfield code="c">2ND</subfield>
    <subfield code="d">2017-07-10</subfield>
    <subfield code="e">Purchase</subfield>
    <subfield code="g">216.00</subfield>
    <subfield code="h">1842</subfield>
    <subfield code="l">0</subfield>
    <subfield code="o">448.3421 BOU</subfield>
    <subfield code="p">000041994</subfield>
    <subfield code="r">2022-08-24 00:00:00</subfield>
    <subfield code="v">432.50</subfield>
    <subfield code="w">2017-07-10</subfield>
    <subfield code="y">CDVDWBB</subfield>
    <subfield code="z">CD 3</subfield>
  </datafield>
  <datafield tag="952" ind1=" " ind2=" ">
    <subfield code="0">0</subfield>
    <subfield code="1">0</subfield>
    <subfield code="2">ddc</subfield>
    <subfield code="4">0</subfield>
    <subfield code="7">0</subfield>
    <subfield code="8">Academic</subfield>
    <subfield code="a">MAIN</subfield>
    <subfield code="b">MAIN</subfield>
    <subfield code="c">2ND</subfield>
    <subfield code="d">2017-07-10</subfield>
    <subfield code="e">Purchase</subfield>
    <subfield code="g">216.00</subfield>
    <subfield code="h">1842</subfield>
    <subfield code="l">0</subfield>
    <subfield code="o">448.3421 BOU</subfield>
    <subfield code="p">000041995</subfield>
    <subfield code="r">2022-08-24 00:00:00</subfield>
    <subfield code="v">432.50</subfield>
    <subfield code="w">2017-07-10</subfield>
    <subfield code="y">CDVDWBB</subfield>
    <subfield code="z">CD 4</subfield>
  </datafield>
  <datafield tag="952" ind1=" " ind2=" ">
    <subfield code="0">0</subfield>
    <subfield code="1">0</subfield>
    <subfield code="2">ddc</subfield>
    <subfield code="4">0</subfield>
    <subfield code="7">0</subfield>
    <subfield code="8">Academic</subfield>
    <subfield code="a">MAIN</subfield>
    <subfield code="b">MAIN</subfield>
    <subfield code="c">2ND</subfield>
    <subfield code="d">2017-07-10</subfield>
    <subfield code="e">Purchase</subfield>
    <subfield code="g">216.00</subfield>
    <subfield code="h">1842</subfield>
    <subfield code="l">0</subfield>
    <subfield code="o">448.3421 BOU</subfield>
    <subfield code="p">000041996</subfield>
    <subfield code="r">2022-08-24 00:00:00</subfield>
    <subfield code="v">432.50</subfield>
    <subfield code="w">2017-07-10</subfield>
    <subfield code="y">CDVDWBB</subfield>
    <subfield code="z">CD 5</subfield>
  </datafield>
</record>
